Liedtext - Skrrr Skrrr - Drachenlord - Statistiken

Allgemein
  • Dieses Quiz wurde 509 mal gespielt
  • Das Durchschnittsergebnis liegt bei 180 aus 314
Antwortstatistiken
Textquiz % Korrekt
i
97%
Skrrr
93%
skrrr
93%
Audi
90%
in
84%
mei'm
81%
die
80%
ich
77%
Ich
77%
Kurve
74%
krass
73%
Baller'
72%
zu
71%
mach
66%
Komm'
62%
meine
62%
um
62%
Platz
61%
Digger
59%
'nem
57%
im
52%
A4
48%
so
48%
da
47%
sitz
45%
und
44%
Und
44%
Blick
41%
aus
40%
das
40%
kann
40%
wie
40%
böser
39%
Scheibe
39%
von
39%
der
38%
V8
38%
Eis
37%
nicht
37%
Mövenpick
36%
sind
36%
V6
36%
Bin
35%
bin
35%
Sie
35%
sie
35%
unten
35%
den
34%
ein
34%
mich
34%
dem
33%
für
33%
genieße
33%
V12
33%
Am
32%
am
32%
dir
32%
Fenster
32%
Motoren
31%
Radio
31%
spielt
30%
Feuerwehrhaus
29%
startklar
29%
Apassionata
28%
bauen
28%
Klassik
28%
zum
28%
zusammen
28%
drifte
27%
Ende
27%
vom
27%
zerlegen
27%
denn
26%
Felge
26%
Satz
26%
wieder
26%
geb
25%
Man
25%
man
25%
wenn
25%
zweiten
25%
Auge
24%
dass
24%
Gas
24%
komplett
24%
machen
24%
Schulter
24%
frisch
23%
Seiten
23%
steh'n
23%
will
23%
Youtube
23%
Aber
22%
blitzt
22%
gesacht
22%
lange
22%
Passanten
22%
Steuer
22%
Anime
21%
bestaun'n
21%
Deutschland
21%
Protagonist
21%
geh'n
20%
Falle
19%
meistens
19%
mir
19%
Romantisch
19%
sieht
19%
Angeln
18%
Chicks
18%
geblendet
18%
manchmal
18%
on
18%
Gaffer
17%
hält
17%
heb
17%
kluge
17%
sitzend
17%
sofort
17%
Discokugel
16%
Sprüche
16%
wirklich
16%
Bringe
15%
Double
15%
hot
15%
Klitschko
15%
lit
15%
Number
15%
braucht
14%
fasziniert
14%
One
14%
suchen
14%
Punches
13%
YouTubes
13%
fire
12%
fleek
11%
Dreezy
7%
Keine übereinstimmenden Quizze gefunden
Verteilung der Resultate
Anzahl Personen mit jedem Resultat
Perzentil nach korrekt beantworteten Fragen
Ihre Resultats-Entwicklung
Sie haben dieses Quiz noch nicht gespielt